[Event "Catalunya-chT Gp1 Title"]
[Site "Barcelona"]
[Date "2025.03.15"]
[Round "4.6"]
[White "Perpinya Rofes, Lluis Maria"]
[Black "Delisau Gil, Oriol"]
[Result "1/2-1/2"]
[WhiteElo "2203"]
[BlackElo "2223"]
[PlyCount "85"]
[EventDate "2025.02.22"]
[EventType "team-k.o."]
[EventRounds "4"]
[EventCountry "ESP"]
[SourceTitle "CB18_2025"]
[SourceDate "2025.04.30"]
[SourceVersion "1"]
[SourceVersionDate "2025.04.30"]
[SourceQuality "1"]
[WhiteTeam "Colon Sabadell"]
[BlackTeam "Sant Andreu"]
[WhiteTeamCountry "ESP"]
[BlackTeamCountry "ESP"]

1. e4 e5 2. Nf3 Nc6 3. Bb5 f5 4. Nc3 fxe4 5. Nxe4 Nf6 6. Qe2 d5 7. Nxf6+ gxf6 8. d4 e4 9. Nh4 Be6 10. Bf4 Qd7 11. 0-0 0-0-0 12. c4 dxc4 13. Rac1 f5 14. Bxc4 Nxd4 15. Qe3 Bxc4 16. Rxc4 Nc6 17. g3 Kb8 18. Rfc1 Bd6 19. b4 Bxf4 20. Qxf4 Rhf8 21. Kg2 Qd6 22. b5 Qxf4 23. gxf4 Nd4 24. Kf1 Ne6 25. Ng2 Rd2 26. a4 Rfd8 27. Ne3 Nxf4 28. Rxc7 Nh3 29. Rxh7 Rxf2+ 30. Ke1 Rf3 31. Nxf5 Ng5 32. Rg7 Rxf5 33. Rcc7 Nf3+ 34. Ke2 Nd4+ 35. Ke3 Ne6 36. Rxb7+ Kc8 37. Rge7 Rf3+ 38. Kxe4 Ng5+ 39. Ke5 Re3+ 40. Kf6 Rxe7 41. Rxe7 Nf3 42. Rxa7 Nxh2 43. Ra8+ 1/2-1/2

[Event "Catalunya-chT Gp2"]
[Site "Barcelona"]
[Date "2025.02.08"]
[Round "4.7"]
[White "Perpinya Rofes, Lluis Maria"]
[Black "Martinez Lopez, Carlos"]
[Result "1/2-1/2"]
[WhiteElo "2203"]
[BlackElo "2051"]
[PlyCount "73"]
[EventDate "2025.01.18"]
[EventType "team-tourn"]
[EventRounds "5"]
[EventCountry "ESP"]
[SourceTitle "CB10_2025"]
[SourceDate "2025.03.05"]
[SourceVersion "1"]
[SourceVersionDate "2025.03.05"]
[SourceQuality "1"]
[WhiteTeam "Colon Sabadell"]
[BlackTeam "Vila Olimpica"]
[WhiteTeamCountry "ESP"]
[BlackTeamCountry "ESP"]

1. e4 c5 2. Nf3 Nc6 3. d4 cxd4 4. Nxd4 e5 5. Nb5 d6 6. N1c3 a6 7. Na3 Be7 8. Nc4 b5 9. Ne3 Nf6 10. Bd3 0-0 11. 0-0 Nb4 12. Be2 Be6 13. a3 Nc6 14. Ned5 Nd4 15. Nxf6+ Bxf6 16. Bd3 Bg5 17. Nd5 Bxc1 18. Rxc1 f5 19. c3 Nc6 20. a4 Rb8 21. axb5 axb5 22. Bc2 f4 23. f3 Qd7 24. Ra1 Rfc8 25. Qd3 Ne7 26. Bb3 b4 27. Ra6 Nxd5 28. Bxd5 bxc3 29. bxc3 Rc5 30. Bxe6+ Qxe6 31. Rxd6 Rxc3 32. Rd8+ Kf7 33. Rd7+ Kf6 34. Qd2 Rc2 35. Qxc2 Qxd7 36. Rd1 Rb2 37. Rxd7 1/2-1/2

[Event "Catalunya-chT Gp2"]
[Site "Barcelona"]
[Date "2025.02.01"]
[Round "3.6"]
[White "Perpinya Rofes, Lluis Maria"]
[Black "Avila Jimenez, Xavier"]
[Result "1/2-1/2"]
[WhiteElo "2203"]
[BlackElo "2113"]
[PlyCount "50"]
[EventDate "2025.01.18"]
[EventType "team-tourn"]
[EventRounds "5"]
[EventCountry "ESP"]
[SourceTitle "CB07_2025"]
[SourceDate "2025.02.12"]
[SourceVersion "1"]
[SourceVersionDate "2025.02.12"]
[SourceQuality "1"]
[WhiteTeam "Colon Sabadell"]
[BlackTeam "Lira Vendrellenca"]
[WhiteTeamCountry "ESP"]
[BlackTeamCountry "ESP"]

1. e4 c6 2. d4 d5 3. e5 Qc7 4. Bd3 c5 5. c3 Nc6 6. Ne2 e6 7. a3 Bd7 8. 0-0 Nge7 9. b4 b6 10. Bf4 Ng6 11. Bg3 Be7 12. Nd2 c4 13. Bc2 Nh4 14. Nf4 Qd8 15. Nh5 g6 16. Nf6+ Bxf6 17. exf6 Nf5 18. Bxf5 gxf5 19. Qh5 Qxf6 20. b5 Ne7 21. Be5 Qg6 22. Qxg6 Nxg6 23. Bxh8 Nxh8 24. a4 Ng6 25. a5 Bxb5 1/2-1/2

[Event "Catalunya-chT Gp2"]
[Site "Barcelona"]
[Date "2025.01.18"]
[Round "1.7"]
[White "Perpinya Rofes, Lluis Maria"]
[Black "Escandell, Juan C"]
[Result "1-0"]
[WhiteElo "2203"]
[BlackElo "2164"]
[PlyCount "143"]
[EventDate "2025.01.18"]
[EventType "team-tourn"]
[EventRounds "5"]
[EventCountry "ESP"]
[SourceTitle "CB07_2025"]
[SourceDate "2025.02.12"]
[SourceVersion "1"]
[SourceVersionDate "2025.02.12"]
[SourceQuality "1"]
[WhiteTeam "Colon Sabadell"]
[BlackTeam "Cerdanyola Valles"]
[WhiteTeamCountry "ESP"]
[BlackTeamCountry "ESP"]

1. e4 e5 2. Nf3 Nc6 3. Bb5 a6 4. Ba4 Nf6 5. 0-0 Be7 6. d3 b5 7. Bb3 d6 8. a3 0-0 9. Nc3 h6 10. h3 Be6 11. Nd5 Bxd5 12. exd5 Nd4 13. Nxd4 exd4 14. Qf3 Qb8 15. Re1 Bd8 16. Bd2 Qb6 17. a4 Rb8 18. Re2 Kh8 19. a5 Qc5 20. c3 Ng8 21. Rc1 Bf6 22. cxd4 Qxd4 23. Bc3 Qc5 24. Qe3 Qxe3 25. fxe3 Bd8 26. Bd4 Ra8 27. e4 f6 28. Rf2 Re8 29. Bd1 g6 30. Bg4 Kg7 31. Bd7 Kf7 32. Bc6 Rc8 33. Ba7 Re5 34. Bb7 Ne7 35. Bd4 Rb8 36. Bxe5 dxe5 37. Bxa6 Ra8 38. Bxb5 Rxa5 39. Bc4 Kg7 40. b4 Ra4 41. Ra2 Rxa2 42. Bxa2 Nc8 43. Kf2 Nd6 44. Rc5 f5 45. Kf3 Kf6 46. Rc6 Ke7 47. Bc4 Kd7 48. Bb3 Nb5 49. Kf2 Nd4 50. Rc3 Be7 51. Ba4+ Kd8 52. Rc4 Bd6 53. Bc6 Ke7 54. b5 Kf6 55. Rc1 Nb3 56. Rb1 Bc5+ 57. Ke2 Nd4+ 58. Kd2 Kg5 59. Rf1 Bb4+ 60. Kc1 Ne2+ 61. Kb2 Nf4 62. Kb3 Bd6 63. Kc4 Ne2 64. Ra1 Kh4 65. Ra8 fxe4 66. dxe4 Kg3 67. Rd8 Ba3 68. d6 cxd6 69. b6 Nd4 70. Bd5 Bc5 71. b7 Ba7 72. Ra8 1-0

[Event "Barcelona Sant Marti op-A 24th"]
[Site "Barcelona"]
[Date "2024.07.20"]
[Round "8"]
[White "Perpinya Rofes, Lluis Maria"]
[Black "Sudarshan, Bhat"]
[Result "1-0"]
[WhiteElo "2206"]
[BlackElo "1962"]
[PlyCount "43"]
[EventDate "2024.07.13"]
[EventType "swiss"]
[EventRounds "9"]
[EventCountry "ESP"]
[SourceTitle "CBM 221 Extra"]
[Source "ChessBase"]
[SourceDate "2024.09.30"]
[SourceVersion "1"]
[SourceVersionDate "2024.09.30"]
[SourceQuality "1"]

1. e4 c5 2. Nc3 Nc6 3. Nge2 g6 4. d4 cxd4 5. Nxd4 Bg7 6. Be3 Nf6 7. Nxc6 bxc6 8. e5 Ng8 9. Bd4 Qa5 10. f4 c5 11. Be3 Rb8 12. Qd2 f6 13. Bc4 fxe5 14. fxe5 Bxe5 15. Bf4 Bxf4 16. Qxf4 Rxb2 17. 0-0 Nf6 18. Nd5 Nxd5 19. Bxd5 Qc3 20. Rad1 Ba6 21. Be6 Rb7 22. Bxd7+ 1-0

[Event "Barcelona Sant Marti op-A 24th"]
[Site "Barcelona"]
[Date "2024.07.19"]
[Round "7"]
[White "Perpinya Rofes, Lluis Maria"]
[Black "Reyan, Md"]
[Result "1-0"]
[WhiteElo "2206"]
[BlackElo "2022"]
[PlyCount "73"]
[EventDate "2024.07.13"]
[EventType "swiss"]
[EventRounds "9"]
[EventCountry "ESP"]
[SourceTitle "CBM 221 Extra"]
[Source "ChessBase"]
[SourceDate "2024.09.30"]
[SourceVersion "1"]
[SourceVersionDate "2024.09.30"]
[SourceQuality "1"]

1. e4 c5 2. Nf3 Nc6 3. d4 cxd4 4. Nxd4 g6 5. Nc3 Bg7 6. Be3 Nf6 7. Bc4 0-0 8. Bb3 Re8 9. 0-0 d6 10. h3 Na5 11. Qd2 b6 12. Bh6 Bh8 13. Rfe1 Bb7 14. Rad1 Nxb3 15. axb3 d5 16. e5 Ne4 17. Qf4 Qb8 18. Nf3 Rd8 19. Qh4 e6 20. Bf4 Bg7 21. Nh2 h5 22. g4 Kh8 23. Nxe4 dxe4 24. gxh5 g5 25. Rxd8+ Qxd8 26. Bxg5 Qd5 27. c4 Qa5 28. Rd1 Bxe5 29. Ng4 Rg8 30. Kf1 Bg7 31. h6 Bf8 32. Bf6+ Kh7 33. Bg7 Qf5 34. Nf6+ Kg6 35. Qg3+ Qg5 36. Qxg5+ Kxg5 37. Nxg8 1-0

[Event "Barcelona Sant Marti op-A 24th"]
[Site "Barcelona"]
[Date "2024.07.18"]
[Round "6"]
[White "Talwalkar, Vedant"]
[Black "Perpinya Rofes, Lluis Maria"]
[Result "1-0"]
[WhiteElo "2094"]
[BlackElo "2206"]
[PlyCount "45"]
[EventDate "2024.07.13"]
[EventType "swiss"]
[EventRounds "9"]
[EventCountry "ESP"]
[SourceTitle "CBM 221 Extra"]
[Source "ChessBase"]
[SourceDate "2024.09.30"]
[SourceVersion "1"]
[SourceVersionDate "2024.09.30"]
[SourceQuality "1"]

1. e4 c5 2. Nf3 Nc6 3. d4 cxd4 4. Nxd4 e6 5. Nc3 d6 6. Nxc6 bxc6 7. Bd3 Nf6 8. Qf3 Be7 9. 0-0 0-0 10. Qg3 Nd7 11. f4 Nc5 12. Be3 Nxd3 13. cxd3 d5 14. d4 Rb8 15. f5 Rxb2 16. Bh6 g6 17. fxg6 hxg6 18. Qe5 f6 19. Qg3 Kf7 20. Bxf8 Bxf8 21. exd5 cxd5 22. Rab1 Rc2 23. Qd3 1-0

[Event "Barcelona Sant Marti op-A 24th"]
[Site "Barcelona"]
[Date "2024.07.16"]
[Round "4"]
[White "Torres Teruel, Joan"]
[Black "Perpinya Rofes, Lluis Maria"]
[Result "1/2-1/2"]
[WhiteElo "1931"]
[BlackElo "2206"]
[PlyCount "47"]
[EventDate "2024.07.13"]
[EventType "swiss"]
[EventRounds "9"]
[EventCountry "ESP"]
[SourceTitle "CBM 221 Extra"]
[Source "ChessBase"]
[SourceDate "2024.09.30"]
[SourceVersion "1"]
[SourceVersionDate "2024.09.30"]
[SourceQuality "1"]

1. e4 c5 2. Nc3 Nc6 3. g3 g6 4. Bg2 Bg7 5. d3 e6 6. Be3 Nd4 7. Nce2 Ne7 8. c3 Nxe2 9. Qxe2 Qa5 10. Qd2 d5 11. Ne2 Bd7 12. 0-0 0-0 13. Bh6 Bxh6 14. Qxh6 Bb5 15. exd5 Bxd3 16. Qd2 Qa6 17. Rfe1 Nxd5 18. Bxd5 exd5 19. Nf4 Bf5 20. Qxd5 Qb6 21. b3 Rad8 22. Qf3 Be6 23. Rad1 Rxd1 24. Rxd1 1/2-1/2

[Event "Barcelona Sant Marti op-A 24th"]
[Site "Barcelona"]
[Date "2024.07.15"]
[Round "3"]
[White "Perpinya Rofes, Lluis Maria"]
[Black "Chaitanya, V."]
[Result "1-0"]
[WhiteElo "2206"]
[BlackElo "2002"]
[PlyCount "63"]
[EventDate "2024.07.13"]
[EventType "swiss"]
[EventRounds "9"]
[EventCountry "ESP"]
[SourceTitle "CBM 221 Extra"]
[Source "ChessBase"]
[SourceDate "2024.09.30"]
[SourceVersion "1"]
[SourceVersionDate "2024.09.30"]
[SourceQuality "1"]

1. e4 c5 2. Nf3 e6 3. d4 cxd4 4. Nxd4 Nf6 5. Nc3 Nc6 6. Ndb5 Bb4 7. a3 Bxc3+ 8. Nxc3 d5 9. exd5 Nxd5 10. Bd2 0-0 11. Bd3 b6 12. Qh5 f5 13. 0-0-0 Nf6 14. Qf3 Bb7 15. Rhe1 Qc8 16. Qf4 Kh8 17. Nb5 Nd5 18. Qd6 a6 19. Nc3 Nd4 20. Qe5 Nb5 21. Bxb5 axb5 22. Nxb5 Qc6 23. Nd4 Qc4 24. Nxe6 Rf6 25. Bg5 Rc8 26. Nd4 Rf7 27. Kb1 Qa4 28. Bc1 Nc7 29. Nxf5 Nb5 30. Re2 Rcf8 31. Nxg7 Rxg7 32. Bh6 1-0

[Event "Llinars del Valles op 4th"]
[Site "Llinars del Valles"]
[Date "2024.07.02"]
[Round "8"]
[White "Perpinya Rofes, Lluis Maria"]
[Black "Suvradeepta, Das"]
[Result "1/2-1/2"]
[WhiteElo "2206"]
[BlackElo "2114"]
[PlyCount "118"]
[EventDate "2024.06.25"]
[EventType "swiss"]
[EventRounds "9"]
[EventCountry "ESP"]
[SourceTitle "CBM 221 Extra"]
[Source "ChessBase"]
[SourceDate "2024.09.30"]
[SourceVersion "1"]
[SourceVersionDate "2024.09.30"]
[SourceQuality "1"]

1. e4 e5 2. Nf3 Nc6 3. Bb5 a6 4. Ba4 Nf6 5. 0-0 Be7 6. Re1 b5 7. Bb3 0-0 8. a4 b4 9. a5 d6 10. d3 Be6 11. Nbd2 Rb8 12. h3 h6 13. Bc4 Qc8 14. Nf1 Nd8 15. Ng3 Re8 16. Nh4 Bf8 17. Qf3 Nc6 18. Nhf5 Kh7 19. b3 Ng8 20. Bb2 g6 21. Ne3 Bg7 22. Nd5 Nce7 23. Nf1 Rf8 24. Qe3 Bxd5 25. exd5 c6 26. dxc6 d5 27. Bxe5 Bxe5 28. Qxe5 dxc4 29. c7 Rb7 30. bxc4 Qxc7 31. Qxc7 Rxc7 32. Ne3 Nf6 33. d4 Nf5 34. Nxf5 gxf5 35. c5 Rd8 36. Rad1 Kg6 37. Rd3 Rcd7 38. Re5 Rd5 39. Rb3 Rxe5 40. dxe5 Ne4 41. Rxb4 Rd1+ 42. Kh2 Nxc5 43. Rb6+ Kg7 44. Rc6 Ne4 45. f3 Nd2 46. Kg3 Ra1 47. Rxa6 Ra4 48. Rd6 Nb1 49. a6 Nc3 50. e6 fxe6 51. Rxe6 Nd5 52. Rd6 Nf6 53. Rc6 Nh5+ 54. Kf2 Nf4 55. Rc7+ Kf6 56. a7 Ne6 57. Rh7 Ra2 58. Ke3 f4+ 59. Kd2 h5 1/2-1/2

[Event "Llinars del Valles op 4th"]
[Site "Llinars del Valles"]
[Date "2024.06.30"]
[Round "6"]
[White "Perpinya Rofes, Lluis Maria"]
[Black "Tarrago Plaza, Marc"]
[Result "1-0"]
[WhiteElo "2206"]
[BlackElo "1920"]
[PlyCount "75"]
[EventDate "2024.06.25"]
[EventType "swiss"]
[EventRounds "9"]
[EventCountry "ESP"]
[SourceTitle "CBM 221 Extra"]
[Source "ChessBase"]
[SourceDate "2024.09.30"]
[SourceVersion "1"]
[SourceVersionDate "2024.09.30"]
[SourceQuality "1"]

1. e4 c5 2. Nc3 e6 3. Nf3 Nc6 4. d4 cxd4 5. Nxd4 Nf6 6. Nxc6 bxc6 7. e5 Nd5 8. Ne4 Qc7 9. f4 Qb6 10. c4 Ne3 11. Qd3 Bb4+ 12. Bd2 Ba6 13. Nd6+ Bxd6 14. Bxe3 Bb4+ 15. Kf2 Bc5 16. Bxc5 Qxc5+ 17. Qe3 Qxe3+ 18. Kxe3 c5 19. a3 Bb7 20. b4 Ke7 21. Be2 Rab8 22. Rab1 g6 23. Rhg1 Rhc8 24. g4 Ba8 25. f5 Rb6 26. f6+ Ke8 27. Rgd1 Rbb8 28. bxc5 Kd8 29. Rb5 Bc6 30. Rb4 a5 31. Rb6 h6 32. Rdb1 Kc7 33. Rxb8 Rxb8 34. Rxb8 Kxb8 35. Bd3 d5 36. exd6 Kc8 37. Bxg6 Be8 38. Be4 1-0

[Event "Llinars del Valles op 4th"]
[Site "Llinars del Valles"]
[Date "2024.06.26"]
[Round "2"]
[White "Riera Morilla, Elizabeth"]
[Black "Perpinya Rofes, Lluis Maria"]
[Result "1-0"]
[WhiteElo "1948"]
[BlackElo "2206"]
[PlyCount "91"]
[EventDate "2024.06.25"]
[EventType "swiss"]
[EventRounds "9"]
[EventCountry "ESP"]
[SourceTitle "CBM 221 Extra"]
[Source "ChessBase"]
[SourceDate "2024.09.30"]
[SourceVersion "1"]
[SourceVersionDate "2024.09.30"]
[SourceQuality "1"]

1. e4 c5 2. Nf3 Nc6 3. d3 g6 4. g3 Bg7 5. Bg2 d6 6. 0-0 e6 7. c3 Nge7 8. Be3 0-0 9. a4 e5 10. Nfd2 Be6 11. Na3 f5 12. f4 Qd7 13. Ndc4 exf4 14. Bxf4 d5 15. exd5 Bxd5 16. Bxd5+ Qxd5 17. Nb5 Rad8 18. Qe2 Nc8 19. Nc7 Qf7 20. Qe6 Rd7 21. Rae1 g5 22. Ne5 Nxe5 23. Bxe5 Bxe5 24. Rxf5 Bxc7 25. Rxf7 Rdxf7 26. Qd5 h6 27. Qe6 Kg7 28. Qg4 Rf5 29. Re2 R8f7 30. Kg2 Nd6 31. d4 cxd4 32. Qxd4+ R5f6 33. c4 Nf5 34. Qc3 a5 35. c5 Ne7 36. Rd2 Nc6 37. Re2 Nb4 38. Qd4 b6 39. Re6 bxc5 40. Qc4 Rf2+ 41. Kg1 Nc2 42. Qe4 Nd4 43. Rg6+ Kh8 44. Rxh6+ Kg7 45. Rg6+ Kh8 46. Qe8+ 1-0

[Event "Catalunya-ch"]
[Site "Salou"]
[Date "2024.05.11"]
[Round "1.1"]
[White "Narciso Dublan, Marc"]
[Black "Perpinya Rofes, Lluis Maria"]
[Result "1/2-1/2"]
[WhiteElo "2424"]
[BlackElo "2205"]
[PlyCount "99"]
[EventDate "2024.05.11"]
[EventType "k.o."]
[EventRounds "4"]
[EventCountry "ESP"]
[SourceTitle "CBM 220 Extra"]
[Source "ChessBase"]
[SourceDate "2024.07.31"]
[SourceVersion "1"]
[SourceVersionDate "2024.07.31"]
[SourceQuality "1"]

1. c4 e5 2. Nc3 Nc6 3. Nf3 g6 4. d4 exd4 5. Nxd4 Bg7 6. Nxc6 bxc6 7. g3 Ne7 8. Bg2 0-0 9. 0-0 d6 10. Bg5 Rb8 11. Qd2 Be6 12. b3 c5 13. Rad1 f6 14. Bf4 Re8 15. Na4 Qc8 16. Qa5 Bd7 17. Nxc5 dxc5 18. Qxc7 Qxc7 19. Bxc7 Be6 20. Bxb8 Rxb8 21. Rd6 Kf7 22. Ra6 Nc8 23. Rc6 Bf8 24. Rd1 Be7 25. Rc7 Kf8 26. Bc6 a5 27. Rd3 h5 28. f3 Rb6 29. Re3 Bd8 30. Rxe6 Bxc7 31. Re8+ Kf7 32. Ba4 Ne7 33. Ra8 Rd6 34. Ra7 Rd1+ 35. Kf2 Be5 36. b4 Bd4+ 37. e3 Rd2+ 38. Kf1 Bxe3 39. bxa5 Rf2+ 40. Ke1 Rxa2 41. Bc6 Bd2+ 42. Kd1 Rxa5 43. Rb7 Bh6 44. Bd5+ Kf8 45. Rb8+ Kg7 46. Rb7 Ra1+ 47. Ke2 Ra2+ 48. Kf1 Ra1+ 49. Ke2 Ra2+ 50. Kf1 1/2-1/2